| 000 | 01016nam a2200265 i 4500 | ||
|---|---|---|---|
| 005 | 20260514110623.0 | ||
| 008 | 260514s2025 my gr 000 fdmay d | ||
| 020 |
_a9786297561615 _cRM69.00 _qhardback |
||
| 040 |
_aPPAK _beng _cPPAK _erda |
||
| 082 | 0 | 4 |
_223 _a899.2333 |
| 090 | 0 | 0 |
_a899.2333 _bAIN _dG |
| 100 | 0 |
_aAinulfarihah, _d1997- _eauthor. |
|
| 245 | 1 | 0 |
_aYANG PALING PATAH ANTARA KITA / _cAINULFARIHAH ; Editor Kandungan: Nurhasanah Othman ; Editor : Nurul Hidayah Othman ; Ilustrasi : Ain Zulaikha |
| 264 | 1 |
_aKajang, Selangor : _bJIWA Sebuah imprin yang dimiliki oleh JT PUBLISHING HOUSE SDN BHD, _c[2025?] |
|
| 300 |
_a427 pages ; _c21 cm |
||
| 336 |
_atext _2rdacontent |
||
| 337 |
_aunmediated _2rdamedia |
||
| 338 |
_avolume _2rdacarrier |
||
| 500 | _a"Extended version novel terlaris Jiwa" -- cover. | ||
| 650 | 1 | 0 | _aMalay fiction |
| 650 | 2 | 4 | _aMalaysian fiction (Malay) |
| 700 | 0 |
_aNurhasanah Othman, _eeditor. |
|
| 700 | 0 |
_aNurul Hidayah Othman, _eeditor. |
|
| 942 |
_2ddc _cB |
||
| 999 |
_c204252 _d204252 |
||